000 00829nam a2200193 i 4500
001 187883
003 ES-MaACL
005 20230906223042.0
008 180319s1899 xxk |||| | eng d
110 0 _aGran Bretaña.
_bForeign Office.
_94480
245 1 0 _aChina
_b: report for the year 1898 on the trade of Ichang : reference to previous report, annual series nº 1944 / presented to both Houses of Parliament by command of Her Majesty, june 1899.
260 _aLondon :
_bForeing Office,
_c1899.
300 _a9 p. ;
_c25 cm.
490 1 _aDiplomatic and consular reports. Annual series ;
_v2280
651 4 _aChina-
_xComercio exterior.
_9164408
830 0 _aDiplomatic and consular reports. Annual series ;
_v2280
_9192842
852 _aES-MaACL
_jT-953-F-6
_z.- Legado de González del Campillo
999 _c187883
_d187883